| 000 | 01069naa a2200253 4500 | ||
|---|---|---|---|
| 005 | 20091003111334.0 | ||
| 008 | 090520t xxu||||| |||| 00| 0 eng d | ||
| 010 | _aB-359169 | ||
| 020 |
_c695.00 _a8175242753 |
||
| 020 |
_c695.00 _a9788178242750 |
||
| 035 | _aB-359169 | ||
| 037 | _bPansy Books | ||
| 040 |
_adpl _bEnglish |
||
| 082 | _a811 | ||
| 100 | _aPollock, Sheldon | ||
| 245 |
_aThe language of the Gods in the world of men : _cby Sheldon Polock _bSanskrit, culture, and power in premodern India / |
||
| 260 |
_aDelhi _bPermanent Black _c2009 |
||
| 270 |
_aD-28, Oxford Apartments, 11, I. P. Extension _bDelhi _e110 092 |
||
| 300 |
_axiv, 684 p. _c23cm(Hb) |
||
| 500 | _aIncludes bibliographical refrences and index | ||
| 942 |
_adpl _cEN _2ddc _h811 _mPOL |
||
| 999 |
_c30751 _d30751 |
||